000 00615nam a22002177a 4500
005 20251108173346.0
008 250721s2000 xx 000 0 ara d
082 1 4 _aم/909
100 1 _aشيخاني، سمير
245 1 0 _aالألفية الثانية : أحداث و أعلام /
264 1 _aبيروت :
_bدار الجيل،
_c2000.
300 _a455 ص.
650 1 7 _aالأحداث التاريخية
650 1 7 _aالأعلام
650 1 7 _aالعلماء
650 1 7 _aالمخترعون
650 1 7 _aالأدباء
650 1 7 _aالتراجم
942 _2ddc
_cBK
999 _c102074
_d102074